El soldado romano y la muerte.
Guardat en:
| Autor principal: | |
|---|---|
| Format: | Desconegut |
| Idioma: | anglès |
| Publicat: |
Madrid, España:
Universidad Nacional de Educación a Distancia,
2022.
|
| Edició: | Primera edición. |
| Matèries: | |
| Etiquetes: |
Afegir etiqueta
Sense etiquetes, Sigues el primer a etiquetar aquest registre!
|
MARC
| LEADER | 00000 a2200000 4500 | ||
|---|---|---|---|
| 003 | CL-VaPUC | ||
| 005 | 20240517110816.0 | ||
| 008 | 240514t2022 ||||| |||| 00| 0 eng d | ||
| 999 | |c 443724 |d 443722 | ||
| 020 | |a 978-84-362-7851-4 | ||
| 040 | |c Pontificia Universidad Católica de Valparaíso | ||
| 082 | |2 22 |a 355.033038 PER 2022 | ||
| 100 | |a Perea Yébenes, Sabino |9 888890 |e coordinador | ||
| 245 | |a El soldado romano y la muerte. | ||
| 250 | |a Primera edición. | ||
| 260 | |a Madrid, España: |b Universidad Nacional de Educación a Distancia, |c 2022. | ||
| 300 | |a 215 páginas. | ||
| 583 | |c 20240514 | ||
| 650 | 0 | |9 336881 |a Militares |x Armamentos de guerra, disciplina, etc. |z Antigua Roma | |
| 650 | 0 | |9 255273 |a Guerras |y Edad Antigua |x Aspectos militares, sociales y culturales | |
| 942 | |2 ddc |c BK | ||
| 952 | |0 0 |1 0 |2 ddc |4 0 |6 355_033038000000000_PER_2022 |7 0 |8 A |9 594514 |a BIBHIS |b BIBHIS |d 2024-05-10 |e 36 |g 10441.00 |i 5661348 |o 355.033038 PER 2022 |p 5661348 |r 2025-01-20 |t 1 |v 10441.00 |w 2024-05-10 |y BK |k HIS | ||